<?xml version="1.0" encoding="UTF-8"?>
<record
    xmlns:xsi="http://www.w3.org/2001/XMLSchema-instance"
    xsi:schemaLocation="http://www.loc.gov/MARC21/slim http://www.loc.gov/standards/marcxml/schema/MARC21slim.xsd"
    xmlns="http://www.loc.gov/MARC21/slim">

  <leader>00734cam a2200193 a 4500</leader>
  <controlfield tag="001">000002379</controlfield>
  <controlfield tag="005">20200929150206.0</controlfield>
  <controlfield tag="008">770725s1965    ho       b   f001 0bspa  </controlfield>
  <datafield tag="040" ind1=" " ind2=" ">
    <subfield code="a">DO-SdBNP</subfield>
    <subfield code="b">spa</subfield>
    <subfield code="c">BNPHU</subfield>
  </datafield>
  <datafield tag="082" ind1=" " ind2=" ">
    <subfield code="a">972.83</subfield>
    <subfield code="b">D964d</subfield>
  </datafield>
  <datafield tag="100" ind1="1" ind2=" ">
    <subfield code="a">Dur&#xF3;n y Gamero, R&#xF3;mulo Ernesto,</subfield>
    <subfield code="d">1865-1942</subfield>
    <subfield code="9">7560</subfield>
  </datafield>
  <datafield tag="245" ind1="1" ind2="0">
    <subfield code="a">Don Joaqu&#xED;n Rivera y su tiempo /</subfield>
    <subfield code="c">R&#xF3;mulo Ernesto Dur&#xF3;n y Gamero.</subfield>
  </datafield>
  <datafield tag="260" ind1=" " ind2=" ">
    <subfield code="a">Tegucigalpa, Honduras :</subfield>
    <subfield code="b">Ministerio de Educaci&#xF3;n P&#xFA;blica,</subfield>
    <subfield code="c">1965.</subfield>
  </datafield>
  <datafield tag="300" ind1=" " ind2=" ">
    <subfield code="a">v. ;</subfield>
    <subfield code="c">20 cm.</subfield>
  </datafield>
  <datafield tag="440" ind1=" " ind2="0">
    <subfield code="a">R&#xF3;mulo E. Dur&#xF3;n ;</subfield>
    <subfield code="v">no. 3</subfield>
    <subfield code="9">7561</subfield>
  </datafield>
  <datafield tag="504" ind1=" " ind2=" ">
    <subfield code="a">Incluye referencias bibliogr&#xE1;ficas y notas al pie de las p&#xE1;ginas</subfield>
  </datafield>
  <datafield tag="651" ind1=" " ind2="4">
    <subfield code="a">Honduras</subfield>
    <subfield code="x">Historia</subfield>
    <subfield code="x">Pol&#xED;tica Y Gobierno</subfield>
    <subfield code="9">7562</subfield>
  </datafield>
  <datafield tag="600" ind1="1" ind2="0">
    <subfield code="a">RIVERA, JOAQU&#xCD;N,</subfield>
    <subfield code="d">1795-1845.</subfield>
    <subfield code="9">7563</subfield>
  </datafield>
  <datafield tag="952" ind1=" " ind2=" ">
    <subfield code="0">0</subfield>
    <subfield code="1">0</subfield>
    <subfield code="5">2</subfield>
    <subfield code="7">0</subfield>
    <subfield code="8">MO</subfield>
    <subfield code="a">GR</subfield>
    <subfield code="b">GR</subfield>
    <subfield code="c">HD</subfield>
    <subfield code="d">2009-07-07</subfield>
    <subfield code="i">LF1</subfield>
    <subfield code="l">0</subfield>
    <subfield code="o">972.83 D964d</subfield>
    <subfield code="p">2379-10</subfield>
    <subfield code="r">2020-06-25</subfield>
    <subfield code="w">2020-06-25</subfield>
    <subfield code="y">2</subfield>
    <subfield code="Z">Pr&#xE9;stamo interno</subfield>
  </datafield>
  <datafield tag="999" ind1=" " ind2=" ">
    <subfield code="c">2219</subfield>
    <subfield code="d">2219</subfield>
  </datafield>
</record>
